| 000 | 00929nam a22002777a 4500 | ||
|---|---|---|---|
| 942 | _cBK | ||
| 999 |
_c779 _d779 |
||
| 005 | 20250420134824.0 | ||
| 008 | 211118b ||||| |||| 00| 0 eng d | ||
| 020 | _a9781108690270 | ||
| 040 | _cKCST | ||
| 082 |
_a428.24 _bOn Un |
||
| 100 |
_aO'Neill, Richard _95597 |
||
| 245 |
_aUnlock : reading, writing & critical thinking. [Level] 2, Student's book. / _cRichard O'Neill; Michele Lewis; Chris Sowton; Jennifer Farmer; Carolyn Flores |
||
| 250 | _a2 | ||
| 260 |
_aCambridge : _bCambridge University Press, _c2019. |
||
| 300 | _a207 p. | ||
| 521 | _aA2 English Profile. | ||
| 650 |
_aEnglish language _vTextbooks for foreign speakers. _94734 |
||
| 650 |
_aEnglish language _vProblems, exercises, etc. _94926 |
||
| 650 |
_aReading. _95142 |
||
| 700 |
_aLewis, Michele _95425 |
||
| 700 |
_aSowton, Chris _95143 |
||
| 700 |
_aFarmer, Jennifer _95598 |
||
| 700 |
_aFlores, Carolyn _95599 |
||
| 942 | _2ddc | ||